000 00628nam a22002417a 4500
003 UA-OsUOA
001 108009
007 ta
008 20140924b un ||||| |||| 00| 0 ukr d
090 _a2
_bМ61
942 _cMG
040 _aUA-OsUOA
_brus
_cUA-OsUOA
_dUA-OsUOA
245 _aМинарет
_cГлав. ред. Гафури Р.Ф.
300 _a40 с.
955 _a1
041 _arus
080 _a2
260 _aК.
_bТОВ "АЯ ГРУП"
246 3 1 _aДуховное управление мусульман
_n
044 _aUA
962 _a1993
650 7 _a2 Релігія. Теологія.
_2UDC
999 _c394744
_d394744